Normal view
MARC view
- edited Rose, F.D.
Entry Personal Name
001 - CONTROL NUMBER
- control field: 6114
003 - CONTROL NUMBER IDENTIFIER
- control field: JO-AjAnu
005 - DATE AND TIME OF LATEST TRANSACTION
- control field: 20230606071307.0
008 - FIXED-LENGTH DATA ELEMENTS
- fixed length control field: 230606|| aca||aabn | a|a d
040 ## - CATALOGING SOURCE
- Original cataloging agency: JO-AjAnu
- Transcribing agency: JO-AjAnu
100 ## - HEADING--PERSONAL NAME
- Personal name: edited Rose, F.D.
670 ## - SOURCE DATA FOUND
- Source citation: Work cat.: (JO-AjAnu)3170: edited Rose, F.D., author, Blackstone's statutes on Commercial & Consumer Law 2019-2020